Ambivalent Elements of SocialCommunication in Social Worker-ClientInteractions

Pochopenie ambivalentných prvkov sociálnej komunikácie, ktoré sociálni pracovníci používajú pri interakcii s klientmi. Niektoré podporné prvky komunikácie vykazujú ambivalenciu. Tieto zistenia majú významné dôsledky pre odborníkov v oblasti sociálnej práce, najmä pokiaľ ide o zvyšovanie efektívnosti...

ver descrição completa

Na minha lista:
Detalhes bibliográficos
Autor principal: Bambúch, Filip
Formato: Capítulo de Livro
Idioma:inglês
Assuntos:
Tags: Adicionar Tag
Sem tags, seja o primeiro a adicionar uma tag!

MARC

LEADER 00000naa a2200000 4500
001 0312675
005 20251007141004.6
041 0 |a eng 
044 |a CZ 
245 1 0 |a Ambivalent Elements of SocialCommunication in Social Worker-ClientInteractions  |c Filip Bambúch 
520 |a Pochopenie ambivalentných prvkov sociálnej komunikácie, ktoré sociálni pracovníci používajú pri interakcii s klientmi. Niektoré podporné prvky komunikácie vykazujú ambivalenciu. Tieto zistenia majú významné dôsledky pre odborníkov v oblasti sociálnej práce, najmä pokiaľ ide o zvyšovanie efektívnosti sociálnej komunikácie, v ktorej integrácia spätnej väzby od klientov a neustály rozvoj komunikačných zručností slúžia ako usmerňujúce princípy. Súčasne sa vynakladá úsilie na zvýšenie povedomia o ambivalentných prvkoch, ktoré sú vlastné sociálnej komunikácii. 
610 2 0 |a práca sociálna 
610 2 0 |a interakcia sociálna 
610 2 0 |a pracovníci sociálni 
610 2 0 |a klienti 
610 2 0 |a komunikácia sociálna 
100 1 |a Bambúch, Filip